Länder mit dem höchsten Fleischkonsum - Statistiken

Allgemein
  • Dieses Quiz wurde 173 mal gespielt
  • Das Durchschnittsergebnis liegt bei 14 aus 25
Antwortstatistiken
Rang Land Kg/Person Kontinent % Korrekt
1. Vereinigte Staaten 124,11 Nordamerika
99%
15. Deutschland 87,79 Europa
97%
2. Australien 121,61 Ozeanien
95%
5. Spanien 100,26 Europa
94%
18. Frankreich 82,79 Europa
92%
14. Russland 87,81 Europa
92%
4. Neuseeland 100,9 Ozeanien
90%
24. Italien 80,96 Europa
86%
3. Argentinien 109,93 Südamerika
85%
12. Polen 88,71 Europa
84%
16. Österreich 87,23 Europa
78%
8. Portugal 94,07 Europa
71%
19. Tschechien 82,63 Europa
68%
22. Weißrussland 81,47 Europa
45%
25. Luxemburg 80,08 Europa
39%
10. Island 91,02 Europa
36%
23. Litauen 81,28 Europa
34%
7. Samoa 96,68 Ozeanien
32%
13. Mongolei 88,38 Asien
30%
17. Chile 83,05 Asien
28%
21. Malta 82,06 Europa
27%
6. Israel 97,02 Asien
16%
9. St. Vincent und die Grenadinen 91,05 Ozeanien
4%
20. St. Kitts und Nevis 82,51 Ozeanien
3%
11. St. Lucia 90,90 Ozeanien
3%
Keine übereinstimmenden Quizze gefunden
Verteilung der Resultate
Anzahl Personen mit jedem Resultat
Perzentil nach korrekt beantworteten Fragen
Ihre Resultats-Entwicklung
Sie haben dieses Quiz noch nicht gespielt